| 000 | 00835cam a2200205K 4500 | ||
|---|---|---|---|
| 082 | 0 | 4 |
_a940.27 _bROB |
| 100 | 1 |
_aRobinson, C. W. _950069 |
|
| 245 | 1 | 0 |
_aWellington's campaigns, Peninsula-Waterloo, 1808-15 _balso Moore's campaign of Corunna (for military students) _cby Major-Gen. C.W. Robinson. |
| 250 | _a[3d ed.]. | ||
| 260 |
_aLondon, _bHugh Rees, _c1907. |
||
| 300 |
_a1 online resource (xiv, 7-743 p.) _bfront., fold. maps. |
||
| 526 |
_a0 _b0 _c0 _d940_270000000000000_ROB |
||
| 526 |
_a0 _b0 _c0 _d940_270000000000000_ROB |
||
| 526 |
_a0 _b0 _c0 _d940_270000000000000_ROB |
||
| 526 |
_a0 _b0 _c0 _d940_270000000000000_ROB |
||
| 650 | 0 |
_aPeninsular War, 1807-1814. _949379 |
|
| 650 | 0 |
_aWaterloo, Battle of, Waterloo, Belgium, 1815. _949627 |
|
| 856 | 4 | 0 | _uhttp://catalog.hathitrust.org/api/volumes/oclc/5656002.html |
| 942 |
_2ddc _cBK |
||
| 999 |
_c553065 _d553065 |
||